Quizz amateur de vié - Statistiques

Statistiques générales
  • Ce quiz a été pris 37 fois
  • Le résultat moyen est 11 sur 12
Statistiques - réponses
Hint Réponse % Correct
Objet pour écrire sur l'odinateur Clavier
100%
Sorte de lavabo Evier
100%
1 mois de l'année Janvier
100%
Sert à passer les vitesses en voiture Levier
97%
Prénom de Giroud Olivier
97%
Inviter quelqu'un Convier
94%
Écarter de la direction normale. Dévier
94%
Arbre utile pour l'huile Olivier
89%
Prénom du Dupont de L. Xavier
89%
Petit caillou Gravier
86%
Oiseau rapace diurne de la taille d'un pigeon. Epervier
69%
Étang aménagé pour la conservation et l'élevage du poisson, des crustacés. Vivier
33%
Aucun quiz correspondant
Distribution des résultats
% des personnes avec chaque résultat
Percentile par nombre de réponses
Votre historique - résultats
Vous n’avez pas pris ce quiz